000 01553nam a2200301Ia 4500
999 _c5147
_d5147
003 OSt
005 20200407003212.0
008 191128s2010 mx gr 000 0 spa d
020 _a9786071604484
040 _aCO-JMCR
_cCO-JMCR
041 0 _aspa
082 0 4 _a321.8 /
_bN964n
_221
110 1 _aColombia. Programa de las Naciones Unidas para el Desarrollo
_92598
245 1 0 _aNuestra democracia /
_cPrograma de las Naciones Unidas para el Desarrollo y Secretaría General de la Organización de los Estados Americanos.
250 _aPrimera edición
260 _aMéxico :
_bFondo de Cultura Económica,
_c2010
300 _a258 páginas ;
_c26 cm.
490 0 _aSección de obras de sociología
504 _aBibliografía: páginas 199-206
505 0 _aEl punto de partida -- Difusión de la ciudadanía y la sociedad de bienestar -- Un balance de los logros y falencias de la democracia latinoamericana -- Déficits de la democracia latinoamericana -- Tres políticas públicas prioritarias
520 _aLa democracia en América Latina ha vivido el periodo más prolongado de regímenes democráticos y designación de autoridades mediante elecciones. Pero hay un problema de calidad de nuestras democracias.
650 1 4 _aDemocracia
_zAmérica Latina
_92599
650 1 4 _aDesarrollo humano
_zAmérica Latina
_92600
650 1 4 _aPolítica pública
_zAmérica Latina
_92601
650 1 4 _aDesigualdad
_zAmérica Latina
_92602
710 2 _aSecretaría General de la Organización de los Estados Americanos
_92603
942 _2ddc
_cBK